00522nam a2200193Ia 4500003000400000008004100004040001600045082001300061100001900074245005000093700002100143700001900164260005100183300001000234650001400244650002300258650002700281650002000308GCL140319s9999 xx 000 0 eng d aGCL / cGCL04a910bB W1 aBEAUMONT, ANDY10aWORLD GEOGRAPHY: CARE BOOK / cBEAUMONT, ANDY1 aHERRINGTON, JANE1 aWHEATLEY, ROLI a[S.N] : bCAMBRIDGE UNIVERSITY PRESS ، c1997 a176 P04aGEOGRAPHY04aECONOMIC GEOGRAPHY04aPOPULATION - GEOGRAPHY04aWORLD GEOGRAPHY